Classement FIFA: les 20 meilleures nations (18/09/2025) - Statistiques

Statistiques générales
  • Ce quiz a été pris 124 fois
  • Le résultat moyen est 18 sur 20
Statistiques - réponses
Classement Confédération Nation % Correct
3 CONMEBOL Argentine
100%
2 UEFA France
100%
6 CONMEBOL Brésil
99%
1 UEFA Espagne
99%
4 UEFA Angleterre
97%
10 UEFA Italie
97%
11 CAF Maroc
97%
5 UEFA Portugal
97%
8 UEFA Belgique
95%
17 UEFA Suisse
94%
12 UEFA Allemagne
92%
7 UEFA Pays-Bas
91%
18 CAF Sénégal
91%
15 CONMEBOL Uruguay
90%
13 CONMEBOL Colombie
88%
19 AFC Japon
86%
9 UEFA Croatie
84%
14 CONCACAF Mexique
84%
16 CONCACAF États-Unis
83%
20 UEFA Danemark
75%
Aucun quiz correspondant
Distribution des résultats
% des personnes avec chaque résultat
Percentile par nombre de réponses
Votre historique - résultats
Vous n’avez pas pris ce quiz